Standard method of measurement of building works for Malawi (Record no. 85978)

MARC details
000 -LEADER
fixed length control field 00530cam a2200193 4500
001 - CONTROL NUMBER
control field D6929
008 - FIXED-LENGTH DATA ELEMENTS--GENERAL INFORMATION
fixed length control field 090401t1975 xxu||||| |||| 00| 0 eng d
035 ## - SYSTEM CONTROL NUMBER
System control number (Sirsi) u3978
041 ## - LANGUAGE CODE
Language code of text/sound track or separate title eng
050 ## - LIBRARY OF CONGRESS CALL NUMBER
Classification number 692.3096897
110 ## - MAIN ENTRY--CORPORATE NAME
Corporate name or jurisdiction name as entry element Malawi Ministry of Works and Supplies
245 ## - TITLE STATEMENT
Title Standard method of measurement of building works for Malawi
260 ## - PUBLICATION, DISTRIBUTION, ETC.
Place of publication, distribution, etc. Malawi
Name of publisher, distributor, etc. The Ministry of Works and Supplies
Date of publication, distribution, etc. 1975
300 ## - PHYSICAL DESCRIPTION
Extent vi. 190p. 33cm
350 ## - PRICE (NR) (BK AM CF MU VM SE) [OBSOLETE]
Price 0
520 ## - SUMMARY, ETC.
Summary, etc. Filed at SMM 1975/3B
942 ## - ADDED ENTRY ELEMENTS (KOHA)
Suppress in OPAC 0
948 ## - LOCAL PROCESSING INFORMATION (OCLC); SERIES PART DESIGNATOR (RLIN)
c (OCLC) 04/03/1997
Holdings
Withdrawn status Lost status Source of classification or shelving scheme Damaged status Not for loan Home library Current library Shelving location Date acquired Total Checkouts Full call number Barcode Date last seen Copy number Price effective from Koha item type
    Other/Generic Classification Scheme     London London Boxed set 15/01/1992   SMM 1975/3 30032269 06/08/2019 1 06/08/2019 Reference material